000
00288nam a2200121Ia 4500
005
20251222175916.0
008
251222s9999||||xx |||||||||||||| ||spa||
020
_a
8423989755
082
_a
332.6/A64
100
_a
Aparicio, Luis
245
0
_a
Aprenda a Invertir sus Ahorros
942
_c
LIB
999
_c
40481
_d
40481